| 000 | 00604nam a22001937a 4500 | ||
|---|---|---|---|
| 005 | 20170706123647.0 | ||
| 010 | _aENG-119120 | ||
| 020 |
_a9789384247942 _c1225.00 |
||
| 035 | _aEN-102652 | ||
| 037 | _bDBAD/PUB | ||
| 082 | _a506.3 | ||
| 100 | _aGurao, Rajendra G. | ||
| 245 |
_aElememts of data mining / _cby Rajendra G. Gurao |
||
| 260 |
_bchandralok prakashan _c2016 _akanpur |
||
| 270 |
_a132, shivram kripa, mayur park basant vihar, _bkanpur _e208021 |
||
| 300 |
_a340.p. _c21cm(Hb) |
||
| 500 | _aincludes bibliographical refrences and index | ||
| 942 |
_2ddc _cEN _h506.3 _mGUR |
||
| 999 |
_c142325 _d142325 |
||